Communes de France par questions Mathématiques #5 - Statistiques

Statistiques générales
  • Ce quiz a été pris 20 fois
  • Le résultat moyen est 12 sur 20
Statistiques - réponses
Hint Réponse % Correct
Commune Française, code postal 55100, code commune/INSEE 55139, une des rares communes françaises qui compte zéro habitant. Cumières-le-Mort-Homme
93%
Commune Française, sous-préfecture la plus proche dans l itinéraire si on trace une ligne droite sur la carte de France entre la sous prefecture de Fougères et la sous-prefecture des Sables d'Olonnes Chateaubriant
80%
Commune Française, sous-préfecture la plus proche du point d' intersection si on trace deux lignes droites des sous préfectures de Verdun à Dole et de Montbard à Saint-Dié-des-Vosges sur une carte Langres
80%
Commune Française, sous-préfecture la plus proche du point d' intersection si on trace deux lignes droites des sous-préfectures de La Châtre à Ussel et de Nontron à Vichy sur une carte Aubusson
73%
Commune Française, sous-préfecture la plus peuplée du département se trouvant entre la Loire et la Sarthe sur la liste des nombres oblongs ou pronique (produit de deux entiers naturels consécutifs) Lorient
73%
Commune Française, sous-préfecture la plus peuplée du département se trouvant entre la Dordogne et le Gard sur la liste des nombres harshad (entier naturel qui est divisible par la somme de ses chiffres) Bernay
67%
Commune Française, la sous-préfecture la plus peuplée du département correspondant aux nombres de cases vides au démarrage d une partie de dames sur un damier de 100 cases Compiègne
67%
Commune Francaise, sous-préfecture la plus peuplée du département qu'on obtient avec les 2 premiers chiffres du 6e terme de la suite de Conway (1 // 11 // 21 // 12 11// 11 12 21 // ?? 22 11) Muret
67%
Commune Française, sous-prefecture la moins peuplée du département de Métropole au numéro le plus élevé ayant accès à la mer et n'ayant pas de frontière avec un nombre premier (il n' est lui même pas un nombre premier) Dieppe
60%
Commune Francaise, la 3e en population en 2021 du département correspondant aux nombres de cases dans une grille de sudoku traditionnelle Gaillac
60%
Commune Française, sous-préfecture la plus peuplée du département qu' on obtient en faisant (Allier au cube) + (Alpes de Haute-Provence au cube) Palaiseau
60%
Commune Française, sous-préfecture la plus peuplée du seul département qui a la même valeur que la somme de ses voisins limitrophes Thonon-les-Bains
60%
Commune Française, sous-préfecture la moins peuplée du seul département qui a une frontière avec 4 nombres premiers supérieurs à 3 Mamers
53%
Commune Française, sous-préfecture la plus peuplée du département se trouvant entre le Gard et les Pyrénées Orientales sur la liste des nombres sphéniques (définition simplifié pour ce cas : nombre pouvant être le produit de 3 nombres premiers différents) Roanne
53%
Commune Française, sous-préfecture du département qui correspond au nombre de carrés colorés sur un Rubik’s cube classique composé extérieurement de 26 éléments Toul
53%
Commune Française, sous-préfecture la plus proche dans l itinéraire si on trace une ligne droite sur la carte de France entre la sous prefecture d'Epernay et la sous-prefecture de Chateau-Chinon Avallon
47%
Commune Française, sous-préfecture la plus peuplée du département qui a le nombre premier permutable le plus élevé (qui reste premier après n'importe quelle permutation de ses chiffres Bressuire
47%
Commune Française, sous-préfecture la plus proche dans l' itinéraire si on trace une ligne droite sur la carte de France entre la sous préfecture de Bar sur Aube et la sous-préfecture de Loches Romorantin-Lanthenay
47%
Commune Française, 3e la plus peuplée (en 2021) de son département qui est le cube du nombre de pièces (17576) qu' il y a dans le film Cube de 1997 Romans-sur-Isère
40%
Commune Française, qui ne se trouvera que par chance, par déduction (par élimination) ou en trouvant les 19 autres Brignoles
27%
Aucun quiz correspondant
Distribution des résultats
% des personnes avec chaque résultat
Percentile par nombre de réponses
Votre historique - résultats
Vous n’avez pas pris ce quiz